header

Knife song Korea (Record no. 208559)

MARC details
000 -LEADER
fixed length control field 01143nam a2200301Ia 4500
082 04 - DEWEY DECIMAL CLASSIFICATION NUMBER
Classification number 813/.54
100 1# - MAIN ENTRY--AUTHOR NAME
Personal name Selzer, Richard,
245 10 - TITLE STATEMENT
Title Knife song Korea
260 ## - PUBLICATION, DISTRIBUTION, ETC. (IMPRINT)
Place of publication Albany :
Name of publisher Excelsior Editions/State University of New York Press,
Year of publication c2009.
300 ## - PHYSICAL DESCRIPTION
Number of Pages 143 p.
650 #0 - SUBJECT ADDED ENTRY--TOPICAL TERM
Topical Term Korean War, 1950-1953
Topical Term Physicians
856 40 - ELECTRONIC LOCATION AND ACCESS
Uniform Resource Identifier http://site.ebrary.com/lib/rucke/Doc?id=10588856

No items available.

© 2026 Rongo University
Contact us: librarian | system librarian | Rongo university